Prvky marketingového mixu podniku diplomová práca

Uložené v:
Podrobná bibliografia
Hlavný autor: Varga, Igor
Korporativný autor: Obchodná fakulta EU. Katedra marketingu
Ďalší autori: Kita, Jaroslav
Médium: Kniha
Jazyk:Slovak
Vydavateľské údaje: Bratislava 2013
Tagy: Pridať tag
Žiadne tagy, Buďte prvý, kto otaguje tento záznam!

MARC

LEADER 00000nbm a2200000 4500
001 0169693
005 20161109102320.3
041 0 |a slo 
044 |a SK 
245 1 0 |a Prvky marketingového mixu podniku  |b diplomová práca  |c Igor Varga ; školiteľ: Pavol Kita 
264 1 |a Bratislava  |c 2013 
300 |a 60 s. 
100 1 |a Varga, Igor 
700 1 |a Kita, Jaroslav 
710 2 |a Obchodná fakulta EU. Katedra marketingu